000 00557nam a2200217Ia 4500
999 _c779
_d779
001 10454316
003 OSt
005 20180824123110.0
008 840224s1951 mou 000 0 eng d
040 _aIMC
_cIMC
_dMZN
082 _a231
_bE122Q
090 _aBT121
_b.E2
100 1 _aEarle, Ralph
245 1 4 _aThe quest of the Spirit /
_cby Ralph Earle
250 _aRev. ed
260 _aKansas City, Mo. :
_bBeacon Hill Press,
_c1951
300 _a175 p. ;
_c20 cm
650 0 _aHoly Spirit
_xBiblical teaching
650 0 _aHoly Spirit
942 _2ddc
_cBK